Statistics for Republic of the Congo First Level Subdivisions

Click here to take the quiz!

General Stats

  • This quiz has been taken 21 times
  • The average score is 6 of 12

Answer Stats

Departments% Correct
Brazzaville
100%
Pointe-Noire
71%
Cuvette
57%
Plateaux
57%
Pool
57%
Sangha
57%
Bouenza
43%
Kouilou
43%
Likouala
43%
Lékoumou
43%
Niari
43%
West Cuvette
29%

Score Distribution

Percentile by Number Answered

Percent of People with Each Score

Your Score History

You have not taken this quiz